00827 a2200205 4500003000500000005001700005040000900022082001000031100002600041245009300067260003900160300001800199505021700217538003100434650001400465651001100479942000800490999001900498952010400517Nust20170207153552.0 cNust a005.8 aAbid, Asma ( MSIS-6) aSecure routing and broadcast authentication in heterogeneous sensor networkcAsma Abid,  bMCS (NUST)cMarch 2011aRawalpindi aviii, 44, p.; aIntroduction (page-1) Literature review (page-4) Proposed routing scheme (page-11) Design and implementation architechture (page-23) Implementation performance and security analysis (page-34) Conclusion (page-42) a Almirah No.70 Shelf No.5 aPG Thesis aMSIS-6 cTHS c188917d188917 00102ddc40708NFICaMCSbMCSd2016-12-12l0o005.8 ABIpMCSTIS-160r2016-12-08w2016-12-12yBK